000 00523nam a2200181Ia 4500
008 100920s9999 xx 000 0 und d
082 _b75672
_a23 थ 98
100 _aShnier Mitchell.
245 _aComputer Dictionary.
260 _bPrentice Hall Of India Pvt.Li., New Delhi.
_c1998
300 _a798
_bसाधी
365 _b295
520 _aकॉम्प्युटर.
630 _aComputer Dictionary.
650 _aकॉम्प्युटर.
730 _aComputer Dictionary.
942 _cBOOK
999 _c717161
_d717158